| 000 | 00862nam a2200325Ia 4500 | ||
|---|---|---|---|
| 008 | 170203s9999 xx 000 0 und d | ||
| 020 | _a0 717212238 | ||
| 050 | _a0 30 | ||
| 050 | _bT374 2002 | ||
| 245 | 4 | _aThe new book of popular science / | |
| 245 | _cGrolier Educational (Firm) | ||
| 260 | _aDanbury, Conn. : | ||
| 260 | _bGrolier, | ||
| 260 | _c2002 | ||
| 300 | _a6 volumes : | ||
| 300 | _billustrations (some color), color maps ; | ||
| 300 | _c26 cm. | ||
| 440 | _vvol. 5 | ||
| 650 | _anatural history -- | ||
| 650 | _aScience -- | ||
| 650 | _aScience -- | ||
| 650 | _aTechnology -- | ||
| 650 | _aTechnology -- | ||
| 650 | _xJuvenile literature. | ||
| 650 | _xJuvenile literature. | ||
| 650 | _xPopular works. | ||
| 650 | _xPopular works. | ||
| 650 | _xPopular works. | ||
| 700 | _aMammals, human sciences-- content. | ||
| 999 |
_c305925 _d305925 |
||